| 000 | 00552nam a2200145Ia 4500 | ||
|---|---|---|---|
| 041 | _aArabic | ||
| 082 | _a341 cut-296 ر | ||
| 100 | _a20260118u\\\\\\\\\\\y0engy0103\\\\ba | ||
| 100 | _aا.د.سهيل حسين الفتلاوي | ||
| 245 | 0 | _aالقانون الدولي العام الجزء الثاني حقوق الدول وواجباتها - الاقليم المنازعات الدولية - الدبلوماسية | |
| 250 | _aط1 | ||
| 260 |
_bدار الثقافة للنشر _aعمان-الاردن _c2009 |
||
| 300 | _a304 | ||
| 942 | _cBk | ||
| 999 |
_c187764 _d187764 |
||